000 01750nam a2200265Ia 4500
003 OSt
005 20210721121249.0
008 210310s9999 ck ado gr 000 0 spa d
020 _a9589040268
040 _aCO-JMCR
_cCO-JMCR
041 0 _aspa
082 0 4 _a330.986 /
_bC766e
_223
111 2 _aConvención Bancaria y de Entidades Financieras
_cCartagena)
_d(1995 :
_938597
245 1 0 _aEconomía y finanzas en Colombia después de las reformas una perspectiva internacional :
_buna perspectiva internacional /
_cConvención Bancaria y de Entidades Finacieras, Cartagena, 27-28 abr., 1995 ; compiladora María Constanza Mejía Meneses.
260 _aCartagena, Colombia :
_bAsociación Bancaria y de Entidades Financieras de Colombia,
_c1995.
300 _a351 páginas :
_bilustraciones, gráficas y fotografías en blanco y negro ;
_c24 cm.
490 _aBanca ;
_v95
501 _aCon: notas a pie de páginas.
505 0 _aLa coyuntura económica de Colombia. -- El impacto de la estabilización en el sistema financiero. -- El financiamiento externo y las economías latinoamericanas. -- Valorización a precios de mercado: la experiencia Europea. -- El mercado de derivados y su regulación: oportunidades y riesgos. -- La estrategia de financiamiento publico para los próximos años. -- El sector financiero y la política de estabilización. -- El uso de la tecnología en el mercado de productos financieros.
650 1 4 _aEconomía
_vCongresos, conferencias,
_zColombia
_926973
650 2 4 _aInstituciones financieras
_vCongresos, conferencias,
_zColombia
_938598
650 2 4 _aHacienda pública
_vCongresos, conferencias,
_zColombia
_938599
700 1 _aMejía Meneses, María Constanza,
_ecompilador
_938600
942 _2ddc
_cBK
999 _c11984
_d11984